=LDR 00000nam 2200000 4500 =001 NUTBA000000000001222 =005 20140417101713.0 =006 =007 =008 =020 ##$$a 978-979-29-2429-9 =035 ##$$a 0010-041400000000492 =082 ##$$a 612.12 =090 ##$$a 612.12 Yek c =100 ##$$a Yekti Mumpuni $c dr. =245 ##$$a Cara Jitu Mengatasi Kolestrol =260 ##$$a Yogyakarta $b Andi $c 2011 =300 ##$$a viii,187 hlm $c 12 cm =440 ##$$a Kolestrol =700 ##$$a Ari Wulandari =850 ##$$a NBPNMAT =990 ##$$a 94144/BPAP-NTB/2014